Guess the Gracie Abrams song from the bridge - Statistics

General Stats
  • This quiz has been taken 853 times
  • The average score is 6 of 10
Answer Stats
Bridge Song % Correct
You were the best but you were the worstAs sick as it sounds, I loved you first I was a dick, it is what it is A habit to kick, the age-old curse I tend to laugh whenever I'm sad I stare at the crash, it actually works Making amends, this shit never ends I'm wrong again, wrong again I Love You, I'm Sorry
92%
I keep thinking, maybe if you let me back inWe can make it better, breaking every habit Pull myself together, you could watch it happen Let it happen, let it happen I keep thinking, maybe if you let me back in We can make it better, breaking every habit Pull myself together, you could watch it happen Let it happen, let it happen Mess It Up
86%
Made it out alive, but I think I lost itSaid that I was fine, said it from my coffin Remember how I died when you started walking? That's my life, that's my life I'll put up a fight, taking out my earrings Don't you know the vibe? Don't you know the feeling? Can't you spend the night? Catch me on your ceiling That's your price, that's your price That's So True
85%
No, I'm not gonna miss the way he'd kick me in my bed while sleepin'And I'm not gonna miss his shitty friends and nights of their binge drinking And I'm not gonna miss his old inflated ego, shallow thinking And I'm not gonna miss denying that I've got my own damn reasons Tough Love
74%
And in my head, I make a mess of itI'm gettin' tired of feelin' delicate I look around to find it desolate I used to try, but nothing's helpin' it And in my head, I make a mess of it I'm gettin' tired of feelin' delicate I look around to find it desolate I used to try, but nothing's helpin' it Mmm Block me out
52%
You don't move me, I see through youI don't follow, I don't want to You don't move me, I see through you I don't follow, I don't want to You don't move me, I see through you I don't follow, I don't want to You don't move me, I see through you I don't follow, I don't want to Will you cry?
45%
I see you every night in my sleepAnticipating every bad dream Like falling with a knife, you cut deep You cut deep, you cut deep I see you every night in my sleep Anticipating every bad dream Like falling with a knife, you cut deep You cut deep (Oh-oh, oh-oh, oh-oh, oh-oh, oh-oh, oh-oh, oh-oh, oh-oh) Rockland
44%
And it's wild how it dissipatesHow you're further from me every day This could be the worst goodbye The worst goodbye I don't even know what's left to say 'Cause we called it back then anyway Could you just remind me why? Remind me why Cedar
34%
I'm still waitin' by the phoneYou painted my life indigo, oh A kind of blue I hate to know, oh Where everything turns kinda cold This is what the drugs are for
32%
I'd turn the car around if you'd let meIf you’d let me, you'd let me, you know I'd cry my eyes out 'til I'm empty 'Til I'm empty, I'm empty, oh Better
28%
No matching quizzes found
Score Distribution
Percent of People with Each Score
Percentile by Number Answered
Your Score History
You have not taken this quiz